| 000 | 00358nam a22001217a 4500 | ||
|---|---|---|---|
| 082 | _a621.3133 SAY'P | ||
| 100 |
_aSAY, M. G _941247 |
||
| 245 | _aTHE PERFORMANCE AND DESIGN OF ALTERNATING CURRENT MACHINES TRANSFORMERS THREE PHASE INDUCTION MOTORS AND SYNCHRONOUS MACHINES | ||
| 250 | _a3RD | ||
| 260 |
_aLONDON _bELBS _c1962 |
||
| 300 | _a664P | ||
| 942 | _cBK | ||
| 999 |
_c585500 _d585500 |
||